Tenure rights and responsibilities (Record no. 111722)
[ view plain ]
| 000 -LEADER | |
|---|---|
| fixed length control field | 01292cad a22002655a 4500 |
| 001 - CONTROL NUMBER | |
| control field | L151905 |
| 008 - FIXED-LENGTH DATA ELEMENTS--GENERAL INFORMATION | |
| fixed length control field | 101220s2010 xxk f 000 0 eng d |
| 020 ## - INTERNATIONAL STANDARD BOOK NUMBER | |
| International Standard Book Number | 9781859357897 |
| 035 ## - SYSTEM CONTROL NUMBER | |
| System control number | (Sirsi) u151905 |
| 041 0# - LANGUAGE CODE | |
| Language code of text/sound track or separate title | eng |
| 050 04 - LIBRARY OF CONGRESS CALL NUMBER | |
| Classification number | 306.1 $2 18 |
| 100 1# - MAIN ENTRY--PERSONAL NAME | |
| Personal name | Carr, Helen |
| 245 00 - TITLE STATEMENT | |
| Title | Tenure rights and responsibilities |
| Medium | [electronic resource] |
| 260 ## - PUBLICATION, DISTRIBUTION, ETC. | |
| Place of publication, distribution, etc. | York |
| Name of publisher, distributor, etc. | Joseph Rowntree |
| Date of publication, distribution, etc. | 2010 |
| 505 2# - FORMATTED CONTENTS NOTE | |
| Formatted contents note | Intermediate home ownership -- Access to social housing -- Problems of tenances, repossession and arrears -- Conclusion - References -- Appendix 1 -- Appendix 2 |
| 520 ## - SUMMARY, ETC. | |
| Summary, etc. | Discusses the rights, responsibilities, risks and problems faced by landlords, lenders and tenants. Highlights problems associated with current housing legislation particularly on social housing. Outlines options for tenure reform. Research carried out to support the Joseph Rowntree Foundation Housing Market Taskforce. |
| 590 ## - LOCAL NOTE (RLIN) | |
| Local note | KA |
| 651 #4 - SUBJECT ADDED ENTRY--GEOGRAPHIC NAME | |
| Geographic name | United Kingdom |
| Chronological subdivision | |
| 690 ## - LOCAL SUBJECT ADDED ENTRY--TOPICAL TERM (OCLC, RLIN) | |
| Topical term or geographic name as entry element | PROPERTY-RESIDENTIAL PROPERTY-DOMESTIC RESIDENTIAL PROPERTY-HOUSING |
| 700 1# - ADDED ENTRY--PERSONAL NAME | |
| Personal name | Cowan, Dave |
| 700 1# - ADDED ENTRY--PERSONAL NAME | |
| Personal name | Hunter, Caroline |
| 700 1# - ADDED ENTRY--PERSONAL NAME | |
| Personal name | Wallace, Alison |
| 856 40 - ELECTRONIC LOCATION AND ACCESS | |
| Uniform Resource Identifier | <a href="https://www.jrf.org.uk/sites/files/jrf/tenure-rights-responsibilities-full.pdf">https://www.jrf.org.uk/sites/files/jrf/tenure-rights-responsibilities-full.pdf</a> |
| Public note | View this item free of charge at www.jrf.org.uk |
| 942 ## - ADDED ENTRY ELEMENTS (KOHA) | |
| Suppress in OPAC | 0 |
| Withdrawn status | Lost status | Source of classification or shelving scheme | Damaged status | Not for loan | Home library | Current library | Shelving location | Date acquired | Total Checkouts | Full call number | Barcode | Date last seen | Copy number | Price effective from | Koha item type |
|---|---|---|---|---|---|---|---|---|---|---|---|---|---|---|---|
| Dewey Decimal Classification | Virtual | Virtual | Online | 20/12/2010 | ONLINE PUBLICATION | 151905-2001 | 06/08/2019 | 1 | 06/08/2019 | Book |